00496nam a22001457a 4500003000500000038001800005082000800023100001400031245013300045264003300178300002400211650002600235700003200261856005700293NUST aNusrat Nadeem a200 aNoor, Mah aAnti-Americanism and Social Media Mobilization- Imran Khan’s Political Campaign Proceeding Ouster as Prime Minister/cMah Noor aIslamabad,bS3H NUST,c2023. aill:b54,p:c30,cm. aMS-Mass Communication aSupervisor: Dr. Najma Sadiq uhttp://10.250.8.41:8080/xmlui/handle/123456789/39679